| 000 | 00687nam a2200145Ia 4500 | ||
|---|---|---|---|
| 008 | 100122s9999 xx 000 0 und d | ||
| 082 |
_b51563 _a808.5 |
||
| 100 | _aलेले अरविंद | ||
| 245 | _aखासदार अटल बिहारी वाजपेयी : संसदेतील तीन तपे | ||
| 260 |
_bनितीन प्रकाशन _c1995 |
||
| 300 | _a301 | ||
| 630 | _aखासदार अटल बिहारी वाजपेयी : संसदेतील तीन तपे | ||
| 730 | _aखासदार अटल बिहारी वाजपेयी : संसदेतील तीन तपे | ||
| 942 | _cBOOK | ||
| 999 |
_c428941 _d428938 |
||